000 00180 a2200097 4500
020 _a617873
041 _aeng
100 _aJonas,Nita
245 _aThe Wild and Woolly
942 _cBK
999 _c31840
_d31838